| 000 | 01336nam a2200277 i 4500 | ||
|---|---|---|---|
| 003 | EG-ScBUE | ||
| 005 | 20231116140035.0 | ||
| 008 | 100421s1949 ua f 000 0 bara d | ||
| 040 |
_aEG-ScBUE _bara _erda _cEG-ScBUE _dEG-ScBUE |
||
| 041 | 1 |
_aara _heng |
|
| 082 | 0 | 4 |
_222 _a923.1 _bهـ و ث |
| 100 | 1 |
_913652 _aهوثورن، هلدجارد، _eمؤلف. |
|
| 245 | 1 | 2 |
_aالدنيا وطنه والحرية رايته : _bصورة قلمية للبطل الثائر توم بين / _cتأليف هلد جارد هوثورن ؛ ترجمة وتصدير بقلم أحمد قاسم جودة ؛ مقدمة تحليلية بقلم حسن جلال العروسي. |
| 264 | 1 |
_aالقاهرة : _bمكتبة النهضة المصرية، _c[1949?] |
|
| 300 |
_a316 صفحة ؛ _c22 سم |
||
| 336 |
_2rdacontent _aنص _btxt |
||
| 337 |
_aبدون وسيط _2rdamedia _bn |
||
| 338 |
_aمجلد _bnc _2rdacarrier |
||
| 546 | _aالنص باللغة العربية وتم ترجمته من اللغة الإنجليزية. | ||
| 600 | 1 | 7 |
_913651 _aبين، توماس _d1737-1809. _2BUEsh |
| 650 | 7 |
_913655 _aالسياسيون الإنجليز _vتراجم. _2BUEsh |
|
| 655 | _vReading book | ||
| 700 | 1 |
_913653 _aجودة، أحمد قاسم، _eمترجم. |
|
| 700 | 1 |
_913654 _aالعروسي، حسن جلال، _eمقدم. |
|
| 942 |
_2ddc _cBB |
||
| 999 |
_c13925 _d13925 |
||